000 00424nam a2200181Ia 4500
001 4409
005 20260306145754.0
008 260306t2006||||xx |||||||||||||| ||spa||
041 _aESP
082 _a321.8
_bC93
100 _aTanaka, Martín [1965-....]
_eAUT
245 0 _aLa democracia y el sistema educativo
260 _c2006
300 _a
_c22 cm.
650 _aGEN
654 _aCDE
942 _cLIB
_dJUS
_fJUS
_2ddc
_n
999 _c4409
_d4409